Palabras de origen árabe - Estadísticas

Estadísticas generales
  • Esta prueba ha sido intentada 2.978 veces
  • La puntuación promedio es 9 de 20
Estadísticas de respuestas
Definición Palabra % Correcto
Animal alto J Jirafa
98%
Una rama de las matemáticas A Álgebra
89%
Número que expresa un valor nulo C Cero
83%
Región española ubicada en el sur de la península ibérica A Andalucía
73%
Mamífero de que procede el cerdo J Jabalí
72%
Interjección para denotar deseo de que suceda algo O Ojalá
67%
Quehacer T Tarea
66%
Fruto verde con pulpa rojiza y de sabor dulce S Sandía
55%
Bebida de azúcar J Jarabe
49%
Lo que representa un número C Cifra
46%
Instrumento musical de cuerda L Laúd
45%
Casualidad, caso fortuito A Azar
40%
Precio unitario para los servicios públicos realizados a su cargo T Tarifa
34%
Compuestos químicos que contienen el grupo hidroxilo A Alcohol
24%
Recinto artificial de un puerto para cargar barcos D Dársena
22%
Abrigo masculino G Gabán
15%
Hombre fuerte y muy valeroso C Cid
9%
Arbusto papilionáceo con alta densidad y delgados tallos verdes R Retama
5%
Traidor, falso, poco seguro en el trato Z Zaino
4%
Triste o melancólico M Mohíno
3%
No se encontraron pruebas coincidentes
Distribución de puntuación
Porcentaje de gente con cada puntuación
Porcentaje por número respondido
Historial de tus puntuaciones
No has intentado esta prueba.